000 00988 a2200229 4500
020 _a0375706860
040 _aDLC
_bDLC
082 0 4 _a894.3533
100 1 _aPamuk, Orhan,
245 1 0 _aSnow
_cOrhan Pamuk ; translated from the Turkish by Maureen Freely
250 _a1st Vintage International ed.
260 _aNew York :
_bVintage International,
_c2005.
300 _a425 p. ;
_c20 cm.
500 _a"This translation originally published in hardcover in the United States by Alfred A. Knopf ... New York, in 2004"--T.p. verso.
650 0 _aJournalists
_zTurkey
651 0 _aTurkey
_xSocial conditions
_y1960-
700 1 _aFreely, Maureen,
_d1952-
856 4 1 _3Sample text
_uhttp://www.loc.gov/catdir/samples/random051/2003065935.html
856 4 1 _3Contributor biographical information
_uhttp://www.loc.gov/catdir/bios/random051/2003065935.html
856 4 1 _3Publisher description
_uhttp://www.loc.gov/catdir/description/random051/2003065935.html
942 _cBK
_k894.3533 ORH
_2ddc
999 _c5080
_d5080